[Event "Saarland-ch B 89th"]
[Site "Stennweiler"]
[Date "2014.04.13"]
[Round "3"]
[White "Braun, Wilhelm"]
[Black "Schumacher, Aaron"]
[Result "1-0"]
[WhiteElo "1351"]
[BlackElo "1089"]
[PlyCount "97"]
[EventDate "2014.04.11"]
[EventType "swiss"]
[EventRounds "9"]
[EventCountry "GER"]
[SourceTitle "EXT 2016"]
[Source "ChessBase"]
[SourceDate "2015.10.08"]
[SourceVersion "1"]
[SourceVersionDate "2015.10.08"]
[SourceQuality "1"]

1. e4 c5 2. c3 Nc6 3. Nf3 e5 4. Be2 Nf6 5. d3 d6 6. a3 Be7 7. Nbd2 Bg4 8. 0-0 0-0 9. h3 Bh5 10. Nh2 Bg6 11. f4 exf4 12. Rxf4 d5 13. exd5 Nxd5 14. Rf3 Ne5 15. Rg3 Bh4 16. Rxg6 Nxg6 17. Ndf3 Bg3 18. Bg5 f6 19. Bd2 Re8 20. Nf1 Bc7 21. d4 cxd4 22. Nxd4 Bb6 23. Bc4 Rc8 24. Bb3 Re4 25. Be3 Kh8 26. Qf3 Re5 27. Bf2 Qd7 28. Rd1 Bxd4 29. Rxd4 Rf5 30. Qd1 Ngf4 31. Bxd5 Nxd5 32. c4 Rxf2 33. Kxf2 Qf5+ 34. Kg1 Ne7 35. Rd8+ Rxd8 36. Qxd8+ Ng8 37. Qd4 Qa5 38. c5 h6 39. Qe3 Qb5 40. b4 Kh7 41. Ng3 g6 42. Qc3 g5 43. Qc2+ Kh8 44. Nh5 Qd7 45. a4 Qd4+ 46. Kh2 Qxb4 47. Qg6 Qf4+ 48. Nxf4 gxf4 49. Qf7 1-0

[Event "Saarland-ch C"]
[Site "Schiffweiler"]
[Date "2009.04.10"]
[Round "8"]
[White "Braun, Wilhelm"]
[Black "Draeger, Robin"]
[Result "0-1"]
[WhiteElo "1321"]
[BlackElo "1429"]
[PlyCount "158"]
[EventDate "2009.04.03"]
[EventType "swiss"]
[EventRounds "9"]
[EventCountry "GER"]
[SourceTitle "EXT 2012"]
[Source "ChessBase"]
[SourceDate "2011.11.24"]
[SourceVersion "1"]
[SourceVersionDate "2011.11.24"]
[SourceQuality "1"]

1. e4 c5 2. Nf3 Nc6 3. c3 d5 4. exd5 Qxd5 5. Be2 g6 6. 0-0 Bg7 7. d3 Nf6 8. Na3 0-0 9. Nc4 Be6 10. h3 b5 11. Ne3 Qd7 12. Ng5 b4 13. Nxe6 Qxe6 14. Bf3 Rad8 15. Re1 Ne5 16. Be2 Qd6 17. f4 Nxd3 18. Nc4 Qd5 19. Ne3 Qe4 20. Bxd3 Qxd3 21. Qxd3 Rxd3 22. cxb4 cxb4 23. Nc2 Nd5 24. Ne3 Nxe3 25. Bxe3 Bxb2 26. Rab1 Bc3 27. Re2 a5 28. Bb6 Bd4+ 29. Bxd4 Rxd4 30. Rxe7 Rxf4 31. Ra7 Rf5 32. Rb3 Re8 33. a3 bxa3 34. Rxa3 Ree5 35. Kh2 Kg7 36. Ra6 h5 37. Ra7 h4 38. Ra4 g5 39. Ra8 Rd5 40. Ra2 Rfe5 41. Ra6 f6 42. Rf2 f5 43. Rc2 Kf7 44. Rcc6 f4 45. Ra7+ Re7 46. Raa6 Rf5 47. Rc3 Re6 48. Ra7+ Kf6 49. Rcc7 Rd5 50. Rg7 Re8 51. Rgf7+ Ke6 52. Rg7 Re5 53. Ra6+ Kf5 54. Rf7+ Ke4 55. Rfa7 f3 56. gxf3+ Kxf3 57. Rf7+ Ke3 58. Raf6 Kd4 59. Rf2 Re2 60. Kg2 Rxf2+ 61. Kxf2 Re5 62. Kf3 Re3+ 63. Kg4 Rg3+ 64. Kh5 Rxh3 65. Kxg5 Kc3 66. Ra7 Kb4 67. Rb7+ Ka3 68. Rb8 a4 69. Re8 Kb3 70. Kg4 Rh2 71. Kf3 a3 72. Rb8+ Ka2 73. Kg4 Ka1 74. Rb3 a2 75. Rb4 h3 76. Kg3 Rb2 77. Re4 h2 78. Re1+ Rb1 79. Rxb1+ axb1Q 0-1

[Event "Saarland-ch C"]
[Site "Schiffweiler"]
[Date "2009.04.09"]
[Round "7"]
[White "Braun, Wilhelm"]
[Black "Wilhelm, Axel"]
[Result "1-0"]
[WhiteElo "1321"]
[BlackElo "1214"]
[PlyCount "143"]
[EventDate "2009.04.03"]
[EventType "swiss"]
[EventRounds "9"]
[EventCountry "GER"]
[SourceTitle "EXT 2012"]
[Source "ChessBase"]
[SourceDate "2011.11.24"]
[SourceVersion "1"]
[SourceVersionDate "2011.11.24"]
[SourceQuality "1"]

1. e4 c6 2. Nf3 d5 3. exd5 cxd5 4. Be2 Nf6 5. c3 Bf5 6. d3 e6 7. 0-0 h6 8. a3 Be7 9. b4 b5 10. Nd4 Bh7 11. Nxb5 Qb6 12. Nd4 Nc6 13. Nb3 a5 14. Be3 Qb8 15. N1d2 axb4 16. axb4 0-0 17. Rxa8 Qxa8 18. Nd4 Ne5 19. N2b3 Qa2 20. Bf4 Ng6 21. Bd2 Ra8 22. f4 Nh4 23. Qe1 Nf5 24. Nxf5 Bxf5 25. Nd4 Bh7 26. h3 Qb2 27. Nf3 Ra2 28. Qc1 Nh5 29. Qxb2 Rxb2 30. Kh2 Bd6 31. g3 g5 32. Rf2 gxf4 33. Bxf4 Bxf4 34. gxf4 Nxf4 35. Ng1 Nxd3 36. Rg2+ Kh8 37. Bxd3 Rxg2+ 38. Kxg2 Bxd3 39. Kg3 e5 40. Nf3 f6 41. Ne1 Bc4 42. Nc2 Kg7 43. Ne3 Bb3 44. b5 Ba4 45. b6 Bc6 46. Nf5+ Kh7 47. Kh4 e4 48. Kg3 Bb7 49. Kf4 Kg6 50. Nd6 Ba8 51. b7 Bxb7 52. Nxb7 Kh5 53. Nd6 Kh4 54. Nf5+ Kxh3 55. Nxh6 Kg2 56. Ke3 Kg3 57. Nf5+ Kg4 58. Ne7 Kg5 59. Nxd5 Kf5 60. Kd4 Ke6 61. c4 f5 62. c5 Kd7 63. Nc3 Kc6 64. Kc4 e3 65. Kd4 Kd7 66. Kd5 Kc7 67. c6 Kc8 68. Kd6 Kd8 69. c7+ Kc8 70. Ne2 f4 71. Nxf4 Kb7 72. Kd7 1-0

[Event "Saarland-ch C"]
[Site "Schiffweiler"]
[Date "2009.04.06"]
[Round "4"]
[White "Braun, Wilhelm"]
[Black "Fernschild, Patrick"]
[Result "1/2-1/2"]
[WhiteElo "1321"]
[BlackElo "1465"]
[PlyCount "126"]
[EventDate "2009.04.03"]
[EventType "swiss"]
[EventRounds "9"]
[EventCountry "GER"]
[SourceTitle "EXT 2012"]
[Source "ChessBase"]
[SourceDate "2011.11.24"]
[SourceVersion "1"]
[SourceVersionDate "2011.11.24"]
[SourceQuality "1"]

1. e4 e5 2. Nf3 Nc6 3. c3 d6 4. Be2 Nf6 5. d3 Be7 6. a3 Be6 7. Ng5 0-0 8. Nxe6 fxe6 9. 0-0 d5 10. exd5 exd5 11. b4 a6 12. Nd2 Qd7 13. Bb2 Bd6 14. h3 Rae8 15. c4 dxc4 16. Nxc4 e4 17. Nxd6 Qxd6 18. Qb3+ Kh8 19. Rad1 Nd4 20. Bxd4 Qxd4 21. dxe4 Qxe4 22. Bf3 Qe6 23. Qxe6 Rxe6 24. Bxb7 Rb8 25. Bf3 g6 26. Rc1 Ne8 27. Bc6 Nd6 28. Bd7 Re7 29. Bg4 Ra8 30. Bf3 Ra7 31. Bc6 Nb5 32. a4 Nd4 33. Kh2 Nxc6 34. Rxc6 Re4 35. Rb1 a5 36. bxa5 Rxa4 37. Rbc1 R7xa5 38. Rxc7 Ra2 39. Rf7 Kg8 40. Rf4 Rf5 41. Rxf5 gxf5 42. f3 Kg7 43. Rc6 Ra4 44. Kg3 Rb4 45. f4 Ra4 46. h4 Ra3+ 47. Kh2 Ra2 48. h5 h6 49. Rc3 Ra6 50. Rc7+ Kf8 51. Rh7 Kg8 52. Rd7 Rf6 53. Kh3 Ra6 54. Rd5 Rf6 55. g4 fxg4+ 56. Kxg4 Kf7 57. Rb5 Ke7 58. Re5+ Kf7 59. f5 Rc6 60. Kf4 Kf6 61. Re4 Rb6 62. Re8 Rb4+ 63. Re4 Rb6 1/2-1/2

[Event "Saarland-ch C"]
[Site "Saarlouis Steinrausch"]
[Date "2005.03.26"]
[Round "9"]
[White "Braun, Wilhelm"]
[Black "Friedrich, Elias"]
[Result "1-0"]
[WhiteElo "1296"]
[BlackElo "1051"]
[PlyCount "75"]
[EventDate "2005.03.18"]
[EventType "swiss"]
[EventRounds "9"]
[EventCountry "GER"]
[SourceTitle "EXT 2012"]
[Source "ChessBase"]
[SourceDate "2011.11.24"]
[SourceVersion "1"]
[SourceVersionDate "2011.11.24"]
[SourceQuality "1"]

1. e4 e5 2. Nf3 Nc6 3. c3 Nf6 4. d3 d6 5. Be2 Be7 6. a3 0-0 7. b4 a6 8. Bb2 Bd7 9. h3 h6 10. Nbd2 Nh7 11. 0-0 f6 12. Qb3+ Rf7 13. Nh4 Nf8 14. Bh5 g6 15. Nxg6 Be6 16. Nxe7+ Qxe7 17. Bxf7+ Qxf7 18. Qd1 Qg7 19. Qf3 Ng6 20. Kh2 Nce7 21. Rae1 f5 22. exf5 Nxf5 23. c4 Ngh4 24. Qg4 Ng6 25. g3 Nd4 26. Qe4 Bf5 27. Qxb7 Rf8 28. Bxd4 Bxh3 29. Kxh3 Nf4+ 30. gxf4 Rxf4 31. Rg1 Rxd4 32. Rxg7+ Kxg7 33. Rg1+ Kf8 34. Qf3+ Rf4 35. Qa8+ Ke7 36. Rg7+ Kf6 37. Qf8+ Ke6 38. Qe7+ 1-0